000 00616nam a22002297a 4500
001 79685
003 UA-OsUOA
005 20210721213615.0
007 ta
008 20111118b un ||||| |||| 00| 0 ukr d
040 _aUA-OsUOA
_brus
_cUA-OsUOA
_dUA-OsUOA
041 _arus
080 _a821.161.1
090 _a821.161.1
_bС79
100 _aСтепанов А. Н.
245 _aПорт-Артур
_bроман в 2-х кн.
260 _aМ.
_bВоениздат
_c1982
300 _a797 с.
650 7 _a82 Література. Літературознавство
_2UDC
942 _cBK
_2udc
955 _a3
999 _c366008
_d366008